00150 a2200073 450000100060000010000170000624500160002326000370003945178 aThring M.W. aEngineering aLondonbRcutledge & Kegan Paulc